Winning women into mathematics /

Guardado en:
Autor Corporativo: Mathematical Association of America. Committee on Participation of Women.
Otros Autores: Kenschaft, Patricia C. (Editor ), Keith, Sandra. (Editor )
Formato: Libro
Idioma:English
Publicado: [Washington, D.C.] : Mathematical Association of America, c1991.
Materias:
Etiquetas: Agregar Etiqueta
Sin Etiquetas, Sea el primero en etiquetar este registro!
LEADER 00930nam a2200217 a 4500
001 MAT.inmabb003442
008 910312s1991####dcua#####b####001#0#eng##
005 20130208161229.0
245 0 0 |a Winning women into mathematics /  |c prepared by the Committee on Participation of Women of the Mathematical Association of America ; Patricia Clark Kenschaft, committee chair and editor ; Sandra Keith, assistant editor. 
260 |a [Washington, D.C.] :  |b Mathematical Association of America,  |c c1991. 
300 |a 78 p. :  |b il. ;  |c 28 cm. 
504 |a Incluye referencias bibliográficas e índice. 
020 |a 0883854538 
700 1 |a Kenschaft, Patricia C.  |4 edt 
700 1 |a Keith, Sandra.  |4 edt 
710 2 |a Mathematical Association of America.  |b Committee on Participation of Women. 
650 0 |a Women in mathematics. 
084 |a 01A80  |2 msc2000 
010 |a  91061072  
040 |a DLC  |c DLC 
859 |h 01A80  |i W776  |p A-6608  |b BIB. MATEMATICA